Geography Quiz

Random Geography or City Quiz

'P' Minnesota Cities Quiz Stats

Quiz not verified by Sporcle

Challenge
Share
Tweet
Embed
Score 0/29 Timer 05:00
0 Plays Today
County City % Correct
HennepinPlymouth
86.1%
PinePine City
81%
PipestonePipestone
81%
ScottPrior Lake
72.2%
Mille Lacs, SherburnePrinceton
69.6%
HubbardPark Rapids
65.8%
Otter TailPelican Rapids
59.5%
St. LouisProctor
58.2%
Crow WingPequot Lakes
57%
Goodhue, OlmstedPine Island
57%
FillmorePreston
57%
Otter TailParkers Prairie
54.4%
CassPine River
54.4%
Otter TailPerham
53.2%
StearnsPaynesville
49.4%
County City % Correct
WabashaPlainview
48.1%
MorrisonPierz
39.2%
Blue EarthPemberton
36.7%
FillmorePeterson
35.4%
CassPillager
31.6%
WashingtonPine Springs
27.8%
AitkinPalisade
22.8%
Mille LacsPease
20.3%
Red LakePlummer
16.5%
KandiyohiPrinsburg
15.2%
McLeodPlato
13.9%
Yellow MedicinePorter
13.9%
KandiyohiPennock
11.4%
NormanPerley
10.1%

You're not logged in!

Compare scores with friends on all Sporcle quizzes.
Join for Free
OR
Log In

You Might Also Like...

Show Comments

Extras

Top Quizzes Today


Score Distribution

Your Account Isn't Verified!

In order to create a playlist on Sporcle, you need to verify the email address you used during registration. Go to your Sporcle Settings to finish the process.

Report this User

Report this user for behavior that violates our Community Guidelines.

Details: